[Event "CRo-ch U17/19 Girls"]
[Site "Split"]
[Date "2022.07.30"]
[Round "8"]
[White "Bedic, Noemi"]
[Black "Nikolic, Lara"]
[Result "0-1"]
[WhiteElo "1639"]
[BlackElo "1223"]
[PlyCount "70"]
[EventDate "2022.07.25"]
[EventType "swiss"]
[EventRounds "9"]
[EventCountry "CRO"]
[SourceTitle "EXT 2023"]
[Source "ChessBase"]
[SourceDate "2022.10.05"]
[SourceVersion "1"]
[SourceVersionDate "2022.10.05"]
[SourceQuality "1"]

1. e4 d6 2. d4 Nf6 3. Nc3 Nbd7 4. f4 e5 5. Nf3 exd4 6. Qxd4 c5 7. Qd3 Be7 8. Be3 0-0 9. 0-0-0 a6 10. h3 b5 11. g4 b4 12. Ne2 Qa5 13. Kb1 Bb7 14. Ng3 Rfc8 15. Nd2 Qc7 16. g5 Ne8 17. Nf5 Bf8 18. Nc4 Nb6 19. h4 a5 20. h5 a4 21. Bh3 Ba6 22. b3 axb3 23. cxb3 Bxc4 24. bxc4 Ra3 25. Qe2 Rca8 26. Rd2 b3 27. g6 bxa2+ 28. Ka1 Nf6 29. gxf7+ Qxf7 30. Nxd6 Bxd6 31. Rxd6 Qc7 32. e5 Ne4 33. Bxc5 Nxc5 34. h6 Nb3+ 35. Kb2 Nxc4+ 0-1

[Event "CRO-ch U17"]
[Site "Split"]
[Date "2021.07.28"]
[Round "5"]
[White "Bevanda, Ema"]
[Black "Bedic, Noemi"]
[Result "1-0"]
[WhiteElo "1646"]
[BlackElo "1535"]
[PlyCount "75"]
[EventDate "2021.07.25"]
[EventType "swiss"]
[EventRounds "9"]
[EventCountry "CRO"]
[SourceTitle "EXT 2022"]
[Source "ChessBase"]
[SourceDate "2021.10.06"]
[SourceVersion "1"]
[SourceVersionDate "2021.10.06"]
[SourceQuality "1"]

1. d4 Nf6 2. Bf4 g6 3. Nf3 Bg7 4. e3 d6 5. h3 0-0 6. Be2 Nfd7 7. 0-0 e5 8. dxe5 dxe5 9. Bg3 Nc6 10. Nc3 b6 11. Qd2 Bb7 12. Rad1 Nc5 13. Bc4 Kh8 14. Qxd8 Raxd8 15. Rxd8 Rxd8 16. Ng5 Kg8 17. Nxf7 Na5 18. Nxd8+ Nxc4 19. Nxb7 Nxb7 20. b3 Ncd6 21. Nd5 c5 22. Ne7+ Kf7 23. Nc6 Ke6 24. Nxa7 Kd7 25. a4 Kc7 26. Rd1 Nd8 27. Nb5+ Nxb5 28. axb5 Nf7 29. f4 e4 30. f5+ Kc8 31. fxg6 hxg6 32. Rf1 Nh6 33. Rf4 Nf5 34. Bf2 Nd6 35. Rg4 Bc3 36. Rxg6 Nxb5 37. Rxb6 Na3 38. Rc6+ 1-0

[Event "CRO-chT U20 30th"]
[Site "Rabac"]
[Date "2021.04.10"]
[Round "10.4"]
[White "Bedic, Noemi"]
[Black "Markovic, Marko2222"]
[Result "0-1"]
[WhiteElo "1587"]
[BlackElo "1537"]
[PlyCount "112"]
[EventDate "2021.04.06"]
[EventType "team-tourn"]
[EventRounds "11"]
[EventCountry "CRO"]
[SourceTitle "CBM 201 Extra"]
[Source "ChessBase"]
[SourceDate "2021.05.31"]
[SourceVersion "1"]
[SourceVersionDate "2021.05.31"]
[SourceQuality "1"]
[WhiteTeam "Zadar Casper U20"]
[BlackTeam "Strizivojna Amater U20"]
[WhiteTeamCountry "CRO"]
[BlackTeamCountry "CRO"]

1. e4 c5 2. Nc3 Nc6 3. f4 g6 4. Nf3 Bg7 5. Bb5 Nd4 6. 0-0 Nxb5 7. Nxb5 a6 8. Nc3 d6 9. a4 e6 10. d3 Ne7 11. Qe1 0-0 12. Kh1 Nc6 13. e5 d5 14. Qf2 b6 15. Rd1 Qe7 16. Ne2 f6 17. exf6 Bxf6 18. d4 Bb7 19. Be3 c4 20. Nc3 Rae8 21. Re1 Qd7 22. Re2 Bc8 23. Rae1 Qd6 24. Ne5 Bg7 25. Bc1 Nxe5 26. dxe5 Qc6 27. Be3 Bxe5 28. Bxb6 Bxf4 29. Qc5 Qd7 30. a5 Bd6 31. Qd4 Bb7 32. Qg4 Rf4 33. Qh3 Rf5 34. Qe3 Rh5 35. h3 e5 36. Kg1 Rf8 37. Qg3 Rhf5 38. Nd1 d4 39. Nf2 Qf7 40. Rf1 Bb8 41. Qh4 Rh5 42. Qg4 h6 43. h4 Rf5 44. Bc5 Rc8 45. Bb4 e4 46. Ree1 h5 47. Qh3 Re8 48. Bc5 Bc8 49. Qh1 Qd5 50. Bb6 Bg3 51. Rd1 Ref8 52. Bxd4 Rxf2 53. Bxf2 Bxf2+ 54. Rxf2 Qxd1+ 55. Rf1 Rxf1+ 56. Kh2 Rxh1+ 0-1

[Event "CRO-chT U20 30th"]
[Site "Rabac"]
[Date "2021.04.08"]
[Round "6.4"]
[White "Martic, Filip"]
[Black "Bedic, Noemi"]
[Result "1-0"]
[WhiteElo "1756"]
[BlackElo "1587"]
[PlyCount "65"]
[EventDate "2021.04.06"]
[EventType "team-tourn"]
[EventRounds "11"]
[EventCountry "CRO"]
[SourceTitle "CBM 201 Extra"]
[Source "ChessBase"]
[SourceDate "2021.05.31"]
[SourceVersion "1"]
[SourceVersionDate "2021.05.31"]
[SourceQuality "1"]
[WhiteTeam "Sesvete Agroproteinka U20"]
[BlackTeam "Zadar Casper U20"]
[WhiteTeamCountry "CRO"]
[BlackTeamCountry "CRO"]

1. d4 Nf6 2. Nf3 g6 3. Nc3 d5 4. Bf4 Bg7 5. e3 0-0 6. Qd2 c6 7. Be2 e6 8. Ne5 Nbd7 9. h4 c5 10. h5 Ne4 11. Nxe4 dxe4 12. hxg6 hxg6 13. Ng4 Qb6 14. 0-0-0 Rd8 15. Nh6+ Kf8 16. c3 Nf6 17. Be5 Nd5 18. dxc5 Qxc5 19. Bd4 Qc7 20. Bxg7+ Kxg7 21. Qd4+ Kf8 22. Qh8+ Ke7 23. Qg7 Rf8 24. Rxd5 exd5 25. Ng8+ Rxg8 26. Qxg8 Qd8 27. Qg7 Qa5 28. Rh8 Qxa2 29. Qe5+ Be6 30. Rxa8 Qa1+ 31. Kc2 Qa4+ 32. Kb1 d4 33. Qc5+ 1-0

[Event "EU-ch Online U16 Girls"]
[Site "Tornelo INT"]
[Date "2020.09.20"]
[Round "9"]
[White "Bedic, Noemi"]
[Black "Popovic, Mateja"]
[Result "0-1"]
[WhiteElo "1391"]
[BlackElo "1610"]
[PlyCount "76"]
[EventDate "2020.09.18"]
[EventType "swiss (rapid)"]
[EventRounds "9"]
[EventCountry "NET"]
[SourceTitle "EXT 2023"]
[Source "ChessBase"]
[SourceDate "2022.10.05"]
[SourceVersion "1"]
[SourceVersionDate "2022.10.05"]
[SourceQuality "1"]
[WhiteTeam "Croatia"]
[BlackTeam "Montenegro"]
[WhiteTeamCountry "CRO"]
[BlackTeamCountry "MNE"]

1. e4 e5 2. Nf3 Nf6 3. Nxe5 d6 4. Nf3 Nxe4 5. Nc3 Nxc3 6. dxc3 Be7 7. Be3 Be6 8. Bd3 Nd7 9. Qd2 Bf6 10. 0-0-0 Ne5 11. Nxe5 dxe5 12. Kb1 0-0 13. Qe2 Qe7 14. h4 h6 15. Qh5 e4 16. Be2 b6 17. g4 Bxc3 18. g5 Bxb2 19. Kxb2 Qb4+ 20. Kc1 Rad8 21. Bd4 Rxd4 22. Rxd4 Qxd4 23. Rd1 Qa1+ 24. Kd2 Rd8+ 25. Ke1 Rxd1+ 26. Bxd1 Qc3+ 27. Kf1 Bc4+ 28. Kg2 hxg5 29. Qxg5 Bxa2 30. Qd8+ Kh7 31. Qg5 Qf6 32. Qh5+ Kg8 33. Bg4 Be6 34. Bxe6 Qf3+ 35. Qxf3 exf3+ 36. Kxf3 fxe6 37. Ke4 Kf7 38. Kd4 a5 0-1

[Event "CRO-chT U20 29th"]
[Site "Cakovec"]
[Date "2020.07.14"]
[Round "1.5"]
[White "Bedic, Noemi"]
[Black "Novosel, Lovro"]
[Result "0-1"]
[WhiteElo "1712"]
[BlackElo "1699"]
[PlyCount "66"]
[EventDate "2020.07.14"]
[EventType "team-tourn"]
[EventRounds "11"]
[EventCountry "CRO"]
[SourceTitle "CBM 197 Extra"]
[Source "ChessBase"]
[SourceDate "2020.09.30"]
[SourceVersion "1"]
[SourceVersionDate "2020.09.30"]
[SourceQuality "1"]
[WhiteTeam "Zadar Casper U20"]
[BlackTeam "Sveta Nedelja U20"]
[WhiteTeamCountry "CRO"]
[BlackTeamCountry "CRO"]

1. e4 g6 2. d4 Bg7 3. Nc3 c5 4. Nf3 cxd4 5. Nxd4 Nc6 6. Be3 Nf6 7. f3 d5 8. Bb5 Bd7 9. exd5 Nxd4 10. Bxd4 Bxb5 11. Nxb5 0-0 12. c4 a6 13. Nc3 b5 14. cxb5 axb5 15. Nxb5 Qxd5 16. Nc3 Qc4 17. b3 Qc7 18. Ne2 Rfd8 19. Qb1 Rxd4 20. Nxd4 Qc3+ 21. Ke2 Qxd4 22. Rd1 Qe5+ 23. Kf1 Nd5 24. Rc1 Ne3+ 25. Kg1 Qd4 26. Kh1 Qd2 27. Rg1 Bxa1 28. Qxa1 Qxa2 29. Qc3 Nd5 30. Qc6 e6 31. Rc1 Rb8 32. Qd7 Qxb3 33. f4 Qe3 0-1

[Event "CRO-chT U18"]
[Site "Cakovec"]
[Date "2019.12.27"]
[Round "1.4"]
[White "Bedic, Noemi"]
[Black "Markovic, Patrik"]
[Result "1/2-1/2"]
[WhiteElo "1583"]
[BlackElo "1474"]
[PlyCount "51"]
[EventDate "2019.12.27"]
[EventType "team-tourn"]
[EventRounds "7"]
[EventCountry "CRO"]
[SourceTitle "CBM 194 Extra"]
[Source "ChessBase"]
[SourceDate "2020.03.31"]
[SourceVersion "1"]
[SourceVersionDate "2020.03.31"]
[SourceQuality "1"]

1. e4 e5 2. Nf3 Nf6 3. Nxe5 d6 4. Nf3 Nxe4 5. Nc3 Nf6 6. d4 d5 7. Bg5 Be7 8. Be2 Be6 9. 0-0 0-0 10. Re1 Nbd7 11. h3 c6 12. Bf4 Bb4 13. Bd3 h6 14. a3 Ba5 15. Qd2 Re8 16. Ne5 Bb6 17. Be3 Nxe5 18. dxe5 d4 19. Bxh6 dxc3 20. Qg5 Nh5 21. Qxh5 gxh6 22. Qxh6 cxb2 23. Bh7+ Kh8 24. Bf5+ Kg8 25. Qh7+ Kf8 26. Qh8+ 1/2-1/2

[Event "Hvar op U16 3rd"]
[Site "Hvar"]
[Date "2019.10.07"]
[Round "5"]
[White "Bedic, Noemi"]
[Black "Zivcic, Oliver"]
[Result "0-1"]
[WhiteElo "1706"]
[BlackElo "1751"]
[PlyCount "60"]
[EventDate "2019.10.05"]
[EventType "swiss"]
[EventRounds "6"]
[EventCountry "CRO"]
[SourceTitle "CBM 193 Extra"]
[Source "ChessBase"]
[SourceDate "2020.01.31"]
[SourceVersion "1"]
[SourceVersionDate "2020.01.31"]
[SourceQuality "1"]

1. e4 d5 2. exd5 Qxd5 3. Nc3 Qa5 4. d4 Nf6 5. Nf3 Bg4 6. h3 Bh5 7. g4 Bg6 8. Ne5 Nbd7 9. Nc4 Qa6 10. f4 e6 11. Qf3 Bb4 12. Bd2 Bxc3 13. Qxc3 Qc6 14. Rh2 0-0-0 15. 0-0-0 Nb6 16. Nxb6+ Qxb6 17. Be3 Nd5 18. Qa3 Nxe3 19. Qxe3 Rd6 20. Rhd2 Rhd8 21. Bg2 Qa6 22. a3 h5 23. d5 exd5 24. f5 Bh7 25. Bxd5 hxg4 26. hxg4 g6 27. Bxf7 Rxd2 28. Be6+ Kb8 29. Rh1 Qc6 30. Rxh7 Qxc2# 0-1

[Event "CRO-ch U17/U19"]
[Site "Vinkovci"]
[Date "2019.07.26"]
[Round "7"]
[White "Bedic, Noemi"]
[Black "Zuteg, Dorotea"]
[Result "1/2-1/2"]
[WhiteElo "1579"]
[BlackElo "1688"]
[PlyCount "108"]
[EventDate "2019.07.22"]
[EventType "swiss"]
[EventRounds "9"]
[EventCountry "CRO"]
[SourceTitle "EXT 2020"]
[Source "ChessBase"]
[SourceDate "2019.10.17"]
[SourceVersion "1"]
[SourceVersionDate "2019.10.17"]
[SourceQuality "1"]

1. e4 d6 2. d4 Nf6 3. Nc3 Nc6 4. g3 e5 5. Nge2 g6 6. h3 Bg7 7. Be3 exd4 8. Nxd4 0-0 9. Bg2 Re8 10. 0-0 Bd7 11. Re1 a6 12. a3 Rb8 13. a4 Ne5 14. b3 c5 15. Nde2 Qc7 16. Qd2 Bc6 17. Rad1 Bf8 18. Bg5 Nh5 19. g4 f6 20. gxh5 fxg5 21. hxg6 Nxg6 22. Qxg5 Re5 23. Qg3 Kh8 24. f4 Ree8 25. f5 Ne5 26. Nf4 Bh6 27. Nfd5 Qf7 28. Qh4 Qg7 29. Qf6 Nf3+ 30. Kf1 Nxe1 31. Kxe1 Bxd5 32. Nxd5 Qxf6 33. Nxf6 Red8 34. Ke2 Kg7 35. Nd5 Kf7 36. Bf3 Bg5 37. Bh5+ Kg7 38. f6+ Kh6 39. Bg4 Rf8 40. Rf1 Rbe8 41. Kd3 b5 42. axb5 axb5 43. Rf5 Kg6 44. Ne7+ Rxe7 45. fxe7 Bxe7 46. Rxf8 Bxf8 47. c3 Kg5 48. Bd7 Kh4 49. Bxb5 Kxh3 50. Bd7+ Kh4 51. b4 cxb4 52. cxb4 d5 53. b5 dxe4+ 54. Kxe4 Bd6 1/2-1/2

[Event "CRO-ch U17/U19"]
[Site "Vinkovci"]
[Date "2019.07.23"]
[Round "3"]
[White "Dejanovic, Tereza"]
[Black "Bedic, Noemi"]
[Result "1-0"]
[WhiteElo "1834"]
[BlackElo "1579"]
[PlyCount "57"]
[EventDate "2019.07.22"]
[EventType "swiss"]
[EventRounds "9"]
[EventCountry "CRO"]
[SourceTitle "EXT 2020"]
[Source "ChessBase"]
[SourceDate "2019.10.17"]
[SourceVersion "1"]
[SourceVersionDate "2019.10.17"]
[SourceQuality "1"]

1. e4 e5 2. Nf3 Nc6 3. Bb5 a6 4. Ba4 Nf6 5. 0-0 Be7 6. Re1 b5 7. Bb3 d6 8. c3 0-0 9. h3 Na5 10. Bc2 c5 11. d4 Qc7 12. Nbd2 cxd4 13. cxd4 Nc6 14. d5 Nb4 15. Bb1 a5 16. Nf1 Bd7 17. Be3 Qb7 18. a3 Na6 19. Bd3 Bd8 20. Qd2 a4 21. Ng3 h6 22. Bxh6 gxh6 23. Qxh6 Re8 24. Ng5 Bxh3 25. Nxh3 Nh7 26. Nf5 f6 27. Nxd6 Qe7 28. Qg6+ Kf8 29. Nxe8 1-0

[Event "CRO-ch U15 Girls"]
[Site "Trogir"]
[Date "2019.06.22"]
[Round "9"]
[White "Plazek, Lana"]
[Black "Bedic, Noemi"]
[Result "0-1"]
[WhiteElo "1282"]
[BlackElo "1530"]
[PlyCount "98"]
[EventDate "2019.06.17"]
[EventType "swiss"]
[EventRounds "9"]
[EventCountry "CRO"]
[SourceTitle "EXT 2020"]
[Source "ChessBase"]
[SourceDate "2019.10.17"]
[SourceVersion "1"]
[SourceVersionDate "2019.10.17"]
[SourceQuality "1"]

1. e4 e5 2. Nf3 Nc6 3. Nc3 Nf6 4. d4 exd4 5. Nxd4 Bb4 6. Nxc6 bxc6 7. Bd3 0-0 8. 0-0 Re8 9. Bg5 h6 10. Bxf6 Qxf6 11. Qd2 Rb8 12. Rab1 d5 13. exd5 cxd5 14. a3 Bxc3 15. Qxc3 Qxc3 16. bxc3 Bd7 17. h3 c5 18. c4 d4 19. Rfe1 Rxe1+ 20. Rxe1 Kf8 21. Kf1 Be6 22. Ke2 Ke7 23. Kf3 Rb2 24. Ra1 Bd7 25. Ke2 Kf6 26. Kd2 Kg5 27. Re1 Kf6 28. Ra1 Be6 29. Kc1 Rb6 30. Rb1 Rxb1+ 31. Kxb1 Kg5 32. Kb2 Kf4 33. Kb3 Bd7 34. Kb2 g5 35. Be2 Bc6 36. g3+ Ke5 37. Kc1 Bg2 38. h4 gxh4 39. gxh4 Kf4 40. Kd2 Bf3 41. Bxf3 Kxf3 42. Ke1 h5 43. Kf1 f5 44. Ke1 f4 45. Kf1 a6 46. Ke1 Kg2 47. Ke2 f3+ 48. Ke1 Kg1 49. a4 a5 0-1

[Event "Hvar op U15"]
[Site "Hvar"]
[Date "2017.09.30"]
[Round "3"]
[White "Birkic, Josip"]
[Black "Bedic, Noemi"]
[Result "1-0"]
[WhiteElo "1635"]
[BlackElo "1342"]
[PlyCount "41"]
[EventDate "2017.09.29"]
[EventType "swiss"]
[EventRounds "5"]
[EventCountry "CRO"]
[SourceTitle "EXT 2019"]
[Source "ChessBase"]
[SourceDate "2018.10.10"]
[SourceVersion "1"]
[SourceVersionDate "2018.10.10"]
[SourceQuality "1"]

1. d4 d5 2. Bf4 Nf6 3. Nc3 e6 4. Nb5 Bd6 5. Nxd6+ cxd6 6. Nf3 0-0 7. e3 Re8 8. Bd3 Ne4 9. 0-0 Nc6 10. c4 e5 11. Bg3 Bf5 12. Bxe4 Bxe4 13. Qb3 Qc7 14. cxd5 Na5 15. Qb4 Bxd5 16. dxe5 Bxf3 17. exd6 Re4 18. Qxe4 Bxe4 19. dxc7 Rc8 20. Rfd1 Nc6 21. Rac1 1-0

[Event "CRO-ch U13 Girls"]
[Site "Trogir"]
[Date "2017.06.20"]
[Round "7"]
[White "Bedic, Noemi"]
[Black "Vidovic, Petra"]
[Result "0-1"]
[WhiteElo "1370"]
[BlackElo "1465"]
[PlyCount "54"]
[EventDate "2017.06.17"]
[EventType "swiss"]
[EventRounds "9"]
[EventCountry "CRO"]
[SourceTitle "CBM 179 Extra"]
[Source "ChessBase"]
[SourceDate "2017.08.23"]
[SourceVersion "1"]
[SourceVersionDate "2017.08.23"]
[SourceQuality "1"]

1. e4 e5 2. Nf3 Nf6 3. d4 exd4 4. Qxd4 Nc6 5. Qe3 b6 6. Nc3 Bc5 7. Qd2 Ng4 8. Bc4 Nxf2 9. Rf1 h6 10. Ne5 Nxe5 11. Qd5 Nxc4 12. Qxa8 a6 13. Qd5 Nd6 14. Bd2 0-0 15. Ke2 Bb7 16. Qh5 Ndxe4 17. Nxe4 Bxe4 18. Be3 Re8 19. Rxf2 Bg6 20. Qg4 Bxe3 21. Rf3 Qe7 22. Rd1 Bg5+ 23. Kf2 Qe2+ 24. Kg3 Qxd1 25. h4 Qe1+ 26. Kh2 Qxh4+ 27. Qxh4 Bxh4 0-1

[Event "CRO-ch U13 Girls"]
[Site "Trogir"]
[Date "2017.06.20"]
[Round "6"]
[White "Koksa, Jelena"]
[Black "Bedic, Noemi"]
[Result "1-0"]
[WhiteElo "1473"]
[BlackElo "1370"]
[PlyCount "81"]
[EventDate "2017.06.17"]
[EventType "swiss"]
[EventRounds "9"]
[EventCountry "CRO"]
[SourceTitle "CBM 179 Extra"]
[Source "ChessBase"]
[SourceDate "2017.08.23"]
[SourceVersion "1"]
[SourceVersionDate "2017.08.23"]
[SourceQuality "1"]

1. e4 e5 2. Nf3 Nc6 3. d4 exd4 4. Nxd4 d5 5. Nxc6 bxc6 6. exd5 cxd5 7. Bb5+ Ke7 8. Bc6 Rb8 9. Qxd5 Qxd5 10. Bxd5 Rb5 11. Nc3 Rc5 12. 0-0 Ke8 13. Be3 Ra5 14. Bc6+ Bd7 15. Bxd7+ Kxd7 16. Rad1+ Bd6 17. Ne4 Ne7 18. Bf4 Nf5 19. Nxd6 cxd6 20. a3 Rb8 21. Bc1 Rc8 22. c3 Nh4 23. Rfe1 Rc4 24. f4 Rc6 25. Kf2 d5 26. Re5 Rd6 27. b4 f6 28. Rh5 Raa6 29. Rxh4 h6 30. Rh3 Rac6 31. f5 Rc4 32. Rhd3 Kc6 33. a4 Rh4 34. Rd4 Rxh2 35. Bf4 Rh5 36. Bxd6 Kxd6 37. Rxd5+ Kc6 38. Rc5+ Kb6 39. Rd7 Rg5 40. a5+ Ka6 41. c4 1-0

[Event "CRO-ch U13 Girls"]
[Site "Trogir"]
[Date "2016.06.26"]
[Round "9"]
[White "Bedic, Noemi"]
[Black "Koksa, Jelena"]
[Result "0-1"]
[WhiteElo "1409"]
[BlackElo "1427"]
[PlyCount "74"]
[EventDate "2016.06.21"]
[EventType "swiss"]
[EventRounds "9"]
[EventCountry "CRO"]
[SourceTitle "EXT 2017"]
[Source "ChessBase"]
[SourceDate "2016.10.25"]
[SourceVersion "1"]
[SourceVersionDate "2016.10.25"]
[SourceQuality "1"]

1. e4 e5 2. Nf3 Nc6 3. Bc4 Bc5 4. 0-0 Nf6 5. Re1 d6 6. h3 h6 7. c3 g5 8. d4 exd4 9. cxd4 Bb4 10. Bd2 Bxd2 11. Nbxd2 g4 12. hxg4 Bxg4 13. Qb3 Na5 14. Qa4+ c6 15. Nb3 Nxc4 16. Qxc4 Bxf3 17. gxf3 Qd7 18. Kf1 Nh5 19. Ke2 Nf4+ 20. Kd2 h5 21. Rad1 h4 22. Kc1 h3 23. e5 d5 24. Qc5 h2 25. Rh1 Qf5 26. Qc2 Qh3 27. Na5 Rb8 28. Nxb7 Rxb7 29. Qxc6+ Qd7 30. Qf6 Ne2+ 31. Kd2 Rxb2+ 32. Ke1 Rg8 33. Rf1 Qc7 34. Qh6 Qc3+ 35. Rd2 Qxd2+ 36. Qxd2 Rxd2 37. Kxd2 Rg1 0-1